000 00398cam a2200169ua 4500
001 5662
008 120804n1990 II |||gr||||Z||||||eng
040 _aMAIN
041 _aEnglish
100 _aBAHL, B. S.
245 _aNUMERICAL PROBLEMS IN CHEMISTRY
260 _aNEW DELHI
_bS.CHAND & COMPANY
_c1990
300 _a264:
_c22CM.
700 _aSHARMA, G. D.
700 _aBAHL, ARUN.
942 _cBK
999 _c5647
_d5647